书目信息 |
| 题名: |
大功率电子管的结构设计与计算工程
|
|
| 作者: | 郭亚明 , 刘志飞 , 朱自文 著 | |
| 分册: | ||
| 出版信息: | 北京 中国广播影视出版社 2016.6 |
|
| 页数: | 196页 | |
| 开本: | 23cm | |
| 丛书名: | ||
| 单 册: | ||
| 中图分类: | TN11 | |
| 科图分类: | ||
| 主题词: | 大功率--电子管--结构设计 , 大功率--电子管--计算 | |
| 电子资源: | ||
| ISBN: | 978-7-5043-7699-2 | |
| 000 | 01113nam0 2200277 450 | |
| 001 | 0400001637 | |
| 005 | 20171019093130.0 | |
| 010 | @a978-7-5043-7699-2@dCNY38.00 | |
| 100 | @a20161213e2016 em y0chiy50 ea | |
| 101 | 0 | @achi |
| 102 | @aCN@b110000 | |
| 105 | @aa z 000yy | |
| 106 | @ar | |
| 200 | 1 | @a大功率电子管的结构设计与计算工程@9da gong lv dian zi guan de jie gou she ji yu ji suan gong cheng@dHigh power tube engineering structure design and calculation@f郭亚明,刘志飞,朱自文著@zeng |
| 210 | @a北京@c中国广播影视出版社@d2016.6 | |
| 215 | @a196页@c图@d23cm | |
| 330 | @a本书共分为六章,主要内容包括:绪论;大型电子管蒸发冷却技术研究;大功率电子管结构设计与计算工程;多元大功率电子管的设计思路;热解石墨栅极;大功率电子管的寿命。 | |
| 510 | 1 | @aHigh power tube engineering structure design and calculation@zeng |
| 606 | 0 | @a大功率@x电子管@x结构设计 |
| 606 | 0 | @a大功率@x电子管@x计算 |
| 690 | @aTN11@v5 | |
| 701 | 0 | @a郭亚明@9guo ya ming@4著 |
| 701 | 0 | @a刘志飞@9liu zhi fei@4著 |
| 701 | 0 | @a朱自文@9zhu zi wen@4著 |
| 801 | 0 | @aCN@b91MARC@c20171019 |
| 905 | @b1025506-10@dTN11@f5@e69 | |
| 大功率电子管的结构设计与计算工程=High power tube engineering structure design and calculation/郭亚明,刘志飞,朱自文著.-北京:中国广播影视出版社,2016.6 |
| 196页:图;23cm |
| ISBN 978-7-5043-7699-2:CNY38.00 |
| 本书共分为六章,主要内容包括:绪论;大型电子管蒸发冷却技术研究;大功率电子管结构设计与计算工程;多元大功率电子管的设计思路;热解石墨栅极;大功率电子管的寿命。 |
| ● |
| 相关链接 |
|
|
|
|
正题名:大功率电子管的结构设计与计算工程
索取号:TN11/69
 
预约/预借
| 序号 | 登录号 | 条形码 | 馆藏地/架位号 | 状态 | 备注 |
| 1 | 1025506 | 210255061 | 第二样本阅览室/ [索取号:TN11/69] | 在馆 | |
| 2 | 1025507 | 210255070 | 第三借阅区/ [索取号:TN11/69] | 在馆 | |
| 3 | 1025508 | 210255089 | 第三借阅区/ [索取号:TN11/69] | 在馆 | |
| 4 | 1025509 | 210255098 | 第三借阅区/ [索取号:TN11/69] | 在馆 | |
| 5 | 1025510 | 210255105 | 密集书库-生命科学系/ [索取号:TN11/69] | 在馆 |